000 00580nam a2200169Ia 4500
008 090711s9999 xx 000 0 und d
082 _b66318
100 _aभट विठ्ठलराय
245 _aअध्यात्मवाद फेरमांडणी
260 _c1990
300 _a92
600 _aभट विठ्ठलराय
630 _aअध्यात्मवाद फेरमांडणी
700 _aभट विठ्ठलराय
730 _aअध्यात्मवाद फेरमांडणी
942 _cBOOK
999 _c286998
_d286998